| 000 | 00374nam a2200133Ia 4500 | ||
|---|---|---|---|
| 008 | 230711s9999||||xx |||||||||||||| ||und|| | ||
| 041 | _aENG | ||
| 082 |
_a4 _bKA-C |
||
| 245 | 0 | _aComputer-Assisted simulation of dynamic systems with block diagram languages | |
| 250 | _a1st Ed. | ||
| 260 |
_c1993 _aNew Delhi _bCRC Press Florida |
||
| 650 | _aComputer Engineering | ||
| 942 | _cBK | ||
| 999 |
_c2362 _d2362 |
||